|
|
|
|
| LEADER |
01375nam a2200349Ia 4500 |
| 001 |
EBC3412290 |
| 003 |
MiAaPQ |
| 005 |
20200520144314.0 |
| 006 |
m o d | |
| 007 |
cr cn||||||||| |
| 008 |
000927s2001 bcca sb 001 0 eng d |
| 020 |
|
|
|z 9780774808309
|
| 020 |
|
|
|z 0774808306 (bound)
|
| 035 |
|
|
|a (MiAaPQ)EBC3412290
|
| 035 |
|
|
|a (Au-PeEL)EBL3412290
|
| 035 |
|
|
|a (CaPaEBR)ebr10146847
|
| 035 |
|
|
|a (CaONFJC)MIL311186
|
| 035 |
|
|
|a (OCoLC)923443137
|
| 040 |
|
|
|a MiAaPQ
|c MiAaPQ
|d MiAaPQ
|
| 050 |
|
4 |
|a SD146.B75
|b I6 2001
|
| 245 |
0 |
0 |
|a In search of sustainability
|h [electronic resource] :
|b British Columbia forest policy in the 1990s /
|c Benjamin Cashore ... [et al.].
|
| 260 |
|
|
|a Vancouver :
|b UBC Press,
|c c2001.
|
| 300 |
|
|
|a x, 329 p. :
|b ill.
|
| 504 |
|
|
|a Includes bibliographical references and index.
|
| 533 |
|
|
|a Electronic reproduction. Ann Arbor, MI : ProQuest, 2015. Available via World Wide Web. Access may be limited to ProQuest affiliated libraries.
|
| 650 |
|
0 |
|a Sustainable forestry
|x Government policy
|z British Columbia.
|
| 650 |
|
0 |
|a Forest policy
|z British Columbia.
|
| 650 |
|
0 |
|a Forest management
|z British Columbia.
|
| 655 |
|
4 |
|a Electronic books.
|
| 700 |
1 |
|
|a Cashore, Benjamin William,
|d 1964-
|
| 710 |
2 |
|
|a ProQuest (Firm)
|
| 856 |
4 |
0 |
|u https://ebookcentral.proquest.com/lib/matrademy/detail.action?docID=3412290
|z Click to View
|